MARC details
| 000 -LEADER |
| fixed length control field |
00602cab a2200169 4500 |
| 001 - CONTROL NUMBER |
| control field |
##L136256 |
| 008 - FIXED-LENGTH DATA ELEMENTS--GENERAL INFORMATION |
| fixed length control field |
070122n2007 000 0 eng u |
| 035 ## - SYSTEM CONTROL NUMBER |
| System control number |
(Sirsi) u136256 |
| 041 0# - LANGUAGE CODE |
| Language code of text/sound track or separate title |
eng |
| 245 00 - TITLE STATEMENT |
| Title |
Sure touch |
| 260 ## - PUBLICATION, DISTRIBUTION, ETC. |
| Date of publication, distribution, etc. |
2007 |
| 490 #0 - SERIES STATEMENT |
| Series statement |
RIBA Journal |
| Volume/sequential designation |
114(1) January 2007, 26-32(6) |
| 520 ## - SUMMARY, ETC. |
| Summary, etc. |
Reports on the design, architecture and costing of St Anne's Sure Start Community Centre, Colchester. Contains brief building costs, layout plans and specifications. The total cost was £817 255. |
| 651 #4 - SUBJECT ADDED ENTRY--GEOGRAPHIC NAME |
| Geographic name |
United Kingdom |
| Chronological subdivision |
|
| 690 ## - LOCAL SUBJECT ADDED ENTRY--TOPICAL TERM (OCLC, RLIN) |
| Topical term or geographic name as entry element |
BUILT ENVIRONMENT-BUILDING COSTS |
| 942 ## - ADDED ENTRY ELEMENTS (KOHA) |
| Suppress in OPAC |
0 |